Канцелярия комиссара Временного правительства над бывшим Министерством двора

RUSMARC
00004709nmc1a22002173x 450
00193b2a3d9-016f-4617-90d8-337fdac504ff
00520240621144138.0
100##$a20240619l19141917k y0rusy50 ca
1010#$arus
102##$aRU
2001#$aКанцелярия комиссара Временного правительства над бывшим Министерством двора
$j1917-1918
$k1914-1917
215##$a18 ед. хр.
251##$a1 опись
$cФонд
330##$aДолжность комиссара Временного правительства над бывшим Министерством Двора и уделов (с 25 апреля 1917 г. - комиссара над бывшим Министерством Двора) учреждена 8 марта 1917 г. указом Временного правительства от 15 марта 1917 г. В задачи комиссара входило общее управление делами учреждений, подведомственных ранее этому министерству, в том числе дворцами, музеями, театрами и т.д. При комиссаре были организованы и действовали Совет по делам искусств и Особое совещание по делам искусств. Деятельность комиссара продолжалась до 30 ноября 1917 г. Приказы комиссара (март-ноябрь 1917 г.), приказы подведомственных ему учреждений (Управление Аничковым дворцом, Дворцовое управление, Главноуполномоченный по государственным театрам и т.д.); переписка с учреждениями и организациями Временного правительства по охране культурного наследия (музеев, коллекций, библиотек и т.д.), по организации работ подведомственных учреждений в новых условиях, назначении пенсий, выплат и т.п.; протоколы заседаний подведомственных учреждений и именные списки их сотрудников, сведения об имуществе бывшей императорской семьи; материалы Орденского капитула (справки об учреждении орденов, списки сотрудников, приветствия в адрес Временного правительства). Докладная записка Саратовской ученой архивной комиссии о необходимости принятия мер по спасению памятников старины в помещичьих усадьбах, материалы о передаче Гатчинских дворцовых оранжерей в городское самоуправление (докладная записка Гатчинского дворцового управления, акты, справки, сметы); положение о Совете по делам искусств, журнал регистрации исходящих документов особого совещания по делам искусств. Проект положения об управлении дворцовыми городами (не позднее августа 1914 г.), материалы о продаже и пожертвовании земель в Луге Петроградской губернии императрице Александре Федоровне (1915-1917 гг.)
60102$aВременное правительство. Комиссар над бывшим Министерством двора. Канцелярия
605##$3DITM\AF\0000002775
$aВласть
$lколлекция
$2acquisition_prlib
686##$a63.3(2)535-332л63
$cИстория
$2rubbk
686##$a67.400.6л63
$cПраво
$2rubbk
801#0$aRU
$bGA_RF
801#1$aRU
$bГлавНИВЦ
$c20240619
$2rusmarc
801#2$aRU
$bПБ им. Б.Н. Ельцина
$c20240621
$gRCR
$2rusmarc
852##$aГА РФ
$j1907
937##$d192505609
$hГАРФ
035##$aRuPRLIB520125301
856##$uhttp://readingroom.main.prlib.ru/item.aspx?id_node=n192505609&mode=full
Формат отображения